Statistics for Royal Air Force and Royal Navy aircraft of WW2

Click here to take the quiz!

General Stats

  • This quiz has been taken 2,426 times
    (580 since last reset)
  • The average score is 24 of 105

Answer Stats

Answer % Correct
Supermarine Spitfire
97%
Hawker Hurricane
90%
Avro Lancaster
78%
de Havilland Mosquito
64%
Hawker Typhoon
58%
Vickers Wellington
56%
Fairey Swordfish
56%
North American Mustang
55%
Supermarine Seafire
51%
Gloster Meteor
50%
Bristol Blenheim
49%
Bristol Beaufighter
48%
Gloster Gladiator
46%
Handley Page Halifax
45%
Hawker Tempest
44%
Short Sunderland
42%
Avro Manchester
42%
Boeing Flying Fortress
40%
Short Stirling
38%
Consolidated Catalina
35%
Boulton Paul Defiant
34%
Consolidated Liberator
34%
Grumman Hellcat/Gannet
33%
Douglas Dakota
32%
Curtiss Kittyhawk/Tomahawk
32%
Fairey Firefly
31%
Bristol Beaufort
31%
Republic Thunderbolt
31%
Hawker Fury
30%
Westland Lysander
30%
Chance Vought Corsair
30%
Grumman Wildcat/Martlet
30%
Avro Anson
29%
North American Mitchell
27%
de Havilland Tiger Moth
27%
Douglas Boston/Havoc
27%
Handley Page Hampden
27%
Hawker Sea Hurricane
26%
Fairey Battle
25%
Blackburn Skua
25%
Westland Whirlwind
25%
Grumman Avenger/Tarpon
24%
Martin Marauder
21%
Avro York
21%
Armstrong Whitworth Whitley
20%
Blackburn Roc
20%
Fairey Albacore
20%
Supermarine Walrus
20%
Airspeed Horsa
20%
Brewster Buffalo
20%
Lockheed Hudson
19%
Fairey Barracuda
19%
Fairey Fulmar
18%
North American Harvard
17%
Bell Airacobra
16%
Airspeed Oxford
15%
Bristol Bombay
15%
Martin Maryland
14%
Miles Master
14%
Vickers Wellesley
14%
Saunders-Roe London
12%
Martin Baltimore
11%
Lockheed Ventura
11%
Hawker Hind
11%
de Havilland Dragon Rapide/Dominie
11%
Vickers Warwick
11%
Armstrong Whitworth Albemarle
11%
Curtiss Mohawk
11%
Miles Magister
11%
General Aircraft Hamilcar
10%
Vickers Vildebeest
9%
Supermarine Stranraer
9%
Vultee Vengeance
9%
Hawker Hector
9%
Blackburn Botha
9%
Martin Mariner
9%
Gloster Gauntlet
8%
Chance Vought Vindicator/Chesapeake
8%
Short Singapore
8%
General Aircraft Hotspur
8%
Saunders-Roe Lerwick
8%
Percival Proctor
8%
Hawker Henley
8%
Consolidated Coronado
7%
Supermarine Sea Otter
7%
Handley Page Hereford
7%
Hawker Audax
7%
Miles Martinet
7%
Taylorcraft Auster
7%
Miles Messenger
7%
Hawker Osprey
6%
Vickers Vincent
5%
Westland Wallace
5%
Handley Page Harrow
5%
Boulton Paul Overstrand
5%
Grumman Goose
4%
Waco Hadrian
4%
Hawker Hardy
4%
Grumman Gosling/Widgeon
4%
Stinson Reliant
4%
Lockheed Lodestar
4%
Blackburn Shark
3%
Miles Whitney Straight
2%
Brewster Bermuda
2%
Taylorcraft Plus
1%

Score Distribution

Percentile by Number Answered

Percent of People with Each Score

Your Score History

You have not taken this quiz since the last reset